[Event "Rapid"]
[Site "Estonia Resort Hotel & Spa conference center, Pärnu, EE"]
[Date "2025.08.17"]
[Round "5"]
[White "Laurusas, Tomas"]
[Black "Jakubowski, Krzysztof"]
[Result "1-0"]
[Board "2"]
[WhiteFideId "12803731"]
[BlackFideId "1112848"]
[WhiteTitle "GM"]
[BlackTitle "GM"]
[WhiteElo "2576"]
[BlackElo "2339"]
[WhiteTeam "LTU"]
[BlackTeam "POL"]
[WhiteClock "0:00:14"]
[BlackClock "0:00:06"]
[Variant "Standard"]

1. d4 {[%clk 0:15:03]}  Nf6 {[%clk 0:14:44]} 2. c4 {[%clk 0:15:05]}  e6 {[%clk 0:15:06]} 3. Nc3 {[%clk 0:15:07]}  Bb4 {[%clk 0:15:07]} 4. e3 {[%clk 0:15:08]}  d5 {[%clk 0:14:46]} 5. Qa4+ {[%clk 0:14:45]}  Nc6 {[%clk 0:14:46]} 6. Bd2 {[%clk 0:14:46]}  O-O {[%clk 0:14:39]} 7. Rd1 {[%clk 0:13:56]}  Bd7 {[%clk 0:14:18]} 8. Qc2 {[%clk 0:13:55]}  Re8 {[%clk 0:13:35]} 9. Nf3 {[%clk 0:13:49]}  Bf8 {[%clk 0:13:35]} 10. a3 {[%clk 0:13:28]}  a5 {[%clk 0:12:52]} 11. h3 {[%clk 0:13:26]}  a4 {[%clk 0:12:39]} 12. Bd3 {[%clk 0:13:00]}  dxc4 {[%clk 0:11:55]} 13. Bxc4 {[%clk 0:11:18]}  Na5 {[%clk 0:11:56]} 14. Ba2 {[%clk 0:11:11]}  Nb3 {[%clk 0:10:22]} 15. Bxb3 {[%clk 0:11:07]}  axb3 {[%clk 0:10:23]} 16. Qxb3 {[%clk 0:11:09]}  Bc6 {[%clk 0:10:25]} 17. O-O {[%clk 0:10:59]}  Bxf3 {[%clk 0:10:26]} 18. gxf3 {[%clk 0:11:00]}  Qc8 {[%clk 0:10:27]} 19. Kg2 {[%clk 0:10:45]}  e5 {[%clk 0:10:22]} 20. d5 {[%clk 0:10:27]}  Ra6 {[%clk 0:10:17]} 21. e4 {[%clk 0:09:39]}  Nh5 {[%clk 0:09:35]} 22. Rh1 {[%clk 0:09:15]}  Rg6+ {[%clk 0:09:14]} 23. Kf1 {[%clk 0:09:16]}  Rd8 {[%clk 0:09:00]} 24. Be3 {[%clk 0:07:48]}  Rdd6 {[%clk 0:08:47]} 25. Ke2 {[%clk 0:07:20]}  Rg2 {[%clk 0:08:16]} 26. Kd2 {[%clk 0:05:58]}  Rf6 {[%clk 0:07:46]} 27. Kc1 {[%clk 0:05:59]}  Rxf3 {[%clk 0:07:47]} 28. Kb1 {[%clk 0:06:01]}  b6 {[%clk 0:07:26]} 29. Rc1 {[%clk 0:05:49]}  Bc5 {[%clk 0:07:05]} 30. Qd1 {[%clk 0:05:49]}  Rxh3 {[%clk 0:06:50]} 31. Bxc5 {[%clk 0:03:48]}  bxc5 {[%clk 0:06:46]} 32. d6 {[%clk 0:03:46]}  cxd6 {[%clk 0:06:41]} 33. Qxd6 {[%clk 0:03:51]}  Rxh1 {[%clk 0:06:13]} 34. Rxh1 {[%clk 0:03:53]}  Nf4 {[%clk 0:06:02]} 35. Qxe5 {[%clk 0:03:17]}  Rxf2 {[%clk 0:05:58]} 36. Rd1 {[%clk 0:01:23]}  h5 {[%clk 0:05:32]} 37. Rd6 {[%clk 0:00:19]}  Qb8 {[%clk 0:03:16]} 38. Nb5 {[%clk 0:00:21]}  Nd3 {[%clk 0:02:29]} 39. Qd5 {[%clk 0:00:22]}  Rf1+ {[%clk 0:00:40]} 40. Kc2 {[%clk 0:00:24]}  Ne1+ {[%clk 0:00:24]} 41. Kc3 {[%clk 0:00:12]}  Rf3+ {[%clk 0:00:11]} 42. Kc4 {[%clk 0:00:14]}  Rd3 {[%clk 0:00:10]} 43. Qxc5 {[%clk 0:00:06]}  Rxd6 {[%clk 0:00:10]} 44. Qxd6 {[%clk 0:00:07]}  Qxd6 {[%clk 0:00:06]} 45. Nxd6 {[%clk 0:00:10]}  h4 {[%clk 0:00:08]} 46. Nf5 {[%clk 0:00:12]}  h3 {[%clk 0:00:10]} 47. a4 {[%clk 0:00:14]}  h2 {[%clk 0:00:05]} 48. Ng3 {[%clk 0:00:16]}  Nf3 {[%clk 0:00:04]} 49. a5 {[%clk 0:00:15]}  Ne5+ {[%clk 0:00:06]} 50. Kb5 {[%clk 0:00:14]} 1-0

[Event "Rapid"]
[Site "Estonia Resort Hotel & Spa conference center, Pärnu, EE"]
[Date "2025.08.17"]
[Round "5"]
[White "Kazakouski, Valery"]
[Black "Chibukhchian, Artur"]
[Result "1-0"]
[Board "3"]
[WhiteFideId "13507443"]
[BlackFideId "13300717"]
[WhiteTitle "GM"]
[BlackTitle "GM"]
[WhiteElo "2523"]
[BlackElo "2361"]
[WhiteTeam "LTU"]
[BlackTeam "ARM"]
[WhiteClock "0:02:11"]
[BlackClock "0:00:04"]
[Variant "Standard"]

1. Nf3 {[%clk 0:15:04]}  d5 {[%clk 0:13:22]} 2. c4 {[%clk 0:15:06]}  d4 {[%clk 0:13:24]} 3. b4 {[%clk 0:15:08]}  c5 {[%clk 0:12:47]} 4. Bb2 {[%clk 0:15:03]}  Nf6 {[%clk 0:11:47]} 5. g3 {[%clk 0:15:00]}  Qc7 {[%clk 0:11:29]} 6. bxc5 {[%clk 0:14:01]}  e5 {[%clk 0:11:30]} 7. Bg2 {[%clk 0:14:01]}  Bxc5 {[%clk 0:08:12]} 8. O-O {[%clk 0:14:02]}  O-O {[%clk 0:08:13]} 9. d3 {[%clk 0:14:04]}  Nc6 {[%clk 0:08:15]} 10. Nbd2 {[%clk 0:14:06]}  h6 {[%clk 0:08:05]} 11. Nb3 {[%clk 0:14:05]}  Be7 {[%clk 0:08:08]} 12. Nfd2 {[%clk 0:14:01]}  Be6 {[%clk 0:07:52]} 13. Qc1 {[%clk 0:13:45]}  a5 {[%clk 0:07:24]} 14. Ba3 {[%clk 0:13:22]}  Nb4 {[%clk 0:07:26]} 15. Qb2 {[%clk 0:13:16]}  Rab8 {[%clk 0:06:58]} 16. Rab1 {[%clk 0:12:51]}  b6 {[%clk 0:06:58]} 17. Na1 {[%clk 0:12:39]}  Rfe8 {[%clk 0:06:28]} 18. Nc2 {[%clk 0:12:13]}  Na6 {[%clk 0:05:23]} 19. Bxe7 {[%clk 0:12:07]}  Qxe7 {[%clk 0:04:54]} 20. Rfe1 {[%clk 0:11:34]}  Nc5 {[%clk 0:04:47]} 21. Qa3 {[%clk 0:11:36]}  Bd7 {[%clk 0:04:41]} 22. Nb3 {[%clk 0:11:08]}  Ba4 {[%clk 0:03:57]} 23. Nca1 {[%clk 0:10:09]}  Bxb3 {[%clk 0:03:29]} 24. Nxb3 {[%clk 0:09:44]}  Qc7 {[%clk 0:01:54]} 25. Nxc5 {[%clk 0:09:36]}  bxc5 {[%clk 0:01:48]} 26. Rb5 {[%clk 0:09:33]}  Rxb5 {[%clk 0:01:49]} 27. cxb5 {[%clk 0:09:34]}  e4 {[%clk 0:00:07]} 28. Rc1 {[%clk 0:08:38]}  Re5 {[%clk 0:00:09]} 29. dxe4 {[%clk 0:08:15]}  c4 {[%clk 0:00:06]} 30. b6 {[%clk 0:07:42]}  Qxb6 {[%clk 0:00:08]} 31. Rxc4 {[%clk 0:07:43]}  Qb1+ {[%clk 0:00:08]} 32. Rc1 {[%clk 0:07:43]}  Qb4 {[%clk 0:00:09]} 33. Qxb4 {[%clk 0:07:37]}  axb4 {[%clk 0:00:11]} 34. f4 {[%clk 0:07:39]}  Ra5 {[%clk 0:00:13]} 35. e5 {[%clk 0:07:29]}  Ng4 {[%clk 0:00:15]} 36. Rc8+ {[%clk 0:04:53]}  Kh7 {[%clk 0:00:17]} 37. Be4+ {[%clk 0:04:55]}  g6 {[%clk 0:00:20]} 38. Ra8 {[%clk 0:04:49]}  Rxa8 {[%clk 0:00:14]} 39. Bxa8 {[%clk 0:04:51]}  Kg7 {[%clk 0:00:08]} 40. Kg2 {[%clk 0:04:41]}  f5 {[%clk 0:00:05]} 41. exf6+ {[%clk 0:04:29]}  Kxf6 {[%clk 0:00:06]} 42. h3 {[%clk 0:04:22]}  Ne3+ {[%clk 0:00:08]} 43. Kf3 {[%clk 0:04:24]}  Nd1 {[%clk 0:00:08]} 44. Bd5 {[%clk 0:04:18]}  g5 {[%clk 0:00:08]} 45. Bc4 {[%clk 0:03:57]}  Nc3 {[%clk 0:00:08]} 46. e4 {[%clk 0:03:44]}  dxe3 {[%clk 0:00:10]} 47. Kxe3 {[%clk 0:03:45]}  gxf4+ {[%clk 0:00:09]} 48. Kxf4 {[%clk 0:03:46]}  Kg6 {[%clk 0:00:07]} 49. Ke5 {[%clk 0:03:11]}  Kg5 {[%clk 0:00:09]} 50. Kd4 {[%clk 0:03:15]}  h5 {[%clk 0:00:06]} 51. a3 {[%clk 0:03:13]}  h4 {[%clk 0:00:05]} 52. gxh4+ {[%clk 0:03:07]}  Kxh4 {[%clk 0:00:06]} 53. axb4 {[%clk 0:03:08]}  Na4 {[%clk 0:00:07]} 54. Bb3 {[%clk 0:03:06]}  Nb6 {[%clk 0:00:08]} 55. Be6 {[%clk 0:03:05]}  Kg5 {[%clk 0:00:09]} 56. b5 {[%clk 0:02:41]}  Kf6 {[%clk 0:00:07]} 57. Bg4 {[%clk 0:02:36]}  Ke7 {[%clk 0:00:07]} 58. h4 {[%clk 0:02:35]}  Na4 {[%clk 0:00:06]} 59. h5 {[%clk 0:02:31]}  Nb6 {[%clk 0:00:07]} 60. Kc5 {[%clk 0:02:31]}  Na4+ {[%clk 0:00:10]} 61. Kc6 {[%clk 0:02:33]}  Kf8 {[%clk 0:00:10]} 62. Bd1 {[%clk 0:02:32]}  Nb2 {[%clk 0:00:10]} 63. Bb3 {[%clk 0:02:31]}  Nd3 {[%clk 0:00:11]} 64. b6 {[%clk 0:02:33]}  Ne5+ {[%clk 0:00:06]} 65. Kc7 {[%clk 0:02:35]}  Ke7 {[%clk 0:00:06]} 66. b7 {[%clk 0:02:36]}  Nd7 {[%clk 0:00:08]} 67. Ba4 {[%clk 0:02:33]}  Nc5 {[%clk 0:00:10]} 68. h6 {[%clk 0:02:12]}  Kf6 {[%clk 0:00:06]} 69. Be8 {[%clk 0:02:12]}  Na6+ {[%clk 0:00:04]} 70. Kc8 {[%clk 0:02:11]} 1-0

[Event "Rapid"]
[Site "Estonia Resort Hotel & Spa conference center, Pärnu, EE"]
[Date "2025.08.17"]
[Round "5"]
[White "Rychagov, Nikita"]
[Black "Neiksans, Arturs"]
[Result "0-1"]
[Board "4"]
[WhiteFideId "4508394"]
[BlackFideId "11601388"]
[WhiteTitle "CM"]
[BlackTitle "GM"]
[WhiteElo "2361"]
[BlackElo "2514"]
[WhiteTeam "EST"]
[BlackTeam "LAT"]
[WhiteClock "0:08:40"]
[BlackClock "0:10:09"]
[Variant "Standard"]

1. e4 {[%clk 0:15:05]}  c5 {[%clk 0:15:05]} 2. Nf3 {[%clk 0:15:07]}  e6 {[%clk 0:15:07]} 3. d4 {[%clk 0:15:09]}  cxd4 {[%clk 0:15:09]} 4. Nxd4 {[%clk 0:15:11]}  a6 {[%clk 0:15:12]} 5. c4 {[%clk 0:15:13]}  Nf6 {[%clk 0:15:06]} 6. Nc3 {[%clk 0:15:15]}  Qc7 {[%clk 0:15:08]} 7. a3 {[%clk 0:15:16]}  b6 {[%clk 0:15:03]} 8. Be3 {[%clk 0:15:18]}  Bb7 {[%clk 0:15:05]} 9. f3 {[%clk 0:15:20]}  Nc6 {[%clk 0:15:06]} 10. Qd2 {[%clk 0:15:08]}  Ne5 {[%clk 0:15:05]} 11. Rc1 {[%clk 0:14:56]}  Ng6 {[%clk 0:14:50]} 12. Be2 {[%clk 0:12:49]}  h5 {[%clk 0:14:48]} 13. O-O {[%clk 0:11:10]}  Bd6 {[%clk 0:14:05]} 14. h3 {[%clk 0:11:10]}  h4 {[%clk 0:12:43]} 15. Rfd1 {[%clk 0:11:09]}  Nh5 {[%clk 0:12:22]} 16. Bf1 {[%clk 0:10:48]}  Bh2+ {[%clk 0:12:16]} 17. Kh1 {[%clk 0:09:56]}  Ng3+ {[%clk 0:12:15]} 18. Kxh2 {[%clk 0:09:58]}  Nxf1+ {[%clk 0:12:17]} 19. Kg1 {[%clk 0:10:01]}  Nxd2 {[%clk 0:12:18]} 20. Rxd2 {[%clk 0:10:03]}  O-O {[%clk 0:12:13]} 21. b3 {[%clk 0:09:51]}  d5 {[%clk 0:11:26]} 22. exd5 {[%clk 0:09:46]}  exd5 {[%clk 0:11:27]} 23. cxd5 {[%clk 0:09:41]}  Bxd5 {[%clk 0:11:14]} 24. Nce2 {[%clk 0:09:21]}  Qe5 {[%clk 0:11:10]} 25. Bf2 {[%clk 0:09:15]}  Rac8 {[%clk 0:10:33]} 26. Re1 {[%clk 0:09:17]}  Ba8 {[%clk 0:10:15]} 27. a4 {[%clk 0:08:51]}  Rfe8 {[%clk 0:10:15]} 28. Red1 {[%clk 0:08:48]}  Nf4 {[%clk 0:10:07]} 29. Nxf4 {[%clk 0:08:40]}  Qxf4 {[%clk 0:10:09]} 0-1

[Event "Rapid"]
[Site "Estonia Resort Hotel & Spa conference center, Pärnu, EE"]
[Date "2025.08.17"]
[Round "5"]
[White "Glek, Igor"]
[Black "Pidluznij, Gleb"]
[Result "1-0"]
[Board "5"]
[WhiteFideId "4100484"]
[BlackFideId "12817082"]
[WhiteTitle "GM"]
[BlackTitle "FM"]
[WhiteElo "2439"]
[BlackElo "2317"]
[WhiteTeam "BEL"]
[BlackTeam "LTU"]
[WhiteClock "0:06:22"]
[BlackClock "0:00:06"]
[Variant "Standard"]

1. e4 {[%clk 0:15:05]}  e5 {[%clk 0:15:04]} 2. Nf3 {[%clk 0:15:06]}  Nc6 {[%clk 0:15:04]} 3. Nc3 {[%clk 0:15:08]}  Nf6 {[%clk 0:15:05]} 4. g3 {[%clk 0:15:09]}  d5 {[%clk 0:14:44]} 5. exd5 {[%clk 0:15:11]}  Nxd5 {[%clk 0:14:43]} 6. Bg2 {[%clk 0:15:12]}  Nxc3 {[%clk 0:14:08]} 7. bxc3 {[%clk 0:15:14]}  Bd6 {[%clk 0:12:31]} 8. O-O {[%clk 0:15:14]}  O-O {[%clk 0:12:33]} 9. Rb1 {[%clk 0:15:15]}  Rb8 {[%clk 0:12:05]} 10. d4 {[%clk 0:15:16]}  exd4 {[%clk 0:11:56]} 11. cxd4 {[%clk 0:15:16]}  Bf5 {[%clk 0:10:48]} 12. Nh4 {[%clk 0:14:49]}  Bd7 {[%clk 0:10:37]} 13. c4 {[%clk 0:14:27]}  b6 {[%clk 0:10:38]} 14. Be3 {[%clk 0:13:47]}  Be7 {[%clk 0:10:16]} 15. Nf3 {[%clk 0:12:48]}  Bf5 {[%clk 0:09:59]} 16. Rb5 {[%clk 0:12:40]}  Be4 {[%clk 0:09:39]} 17. Nh4 {[%clk 0:11:32]}  Bxg2 {[%clk 0:09:26]} 18. Nxg2 {[%clk 0:11:33]}  Bf6 {[%clk 0:09:12]} 19. Nf4 {[%clk 0:11:16]}  Qd7 {[%clk 0:05:57]} 20. Nd5 {[%clk 0:10:25]}  Bd8 {[%clk 0:04:57]} 21. Qa4 {[%clk 0:10:17]}  a5 {[%clk 0:03:50]} 22. Rbb1 {[%clk 0:09:58]}  Ne5 {[%clk 0:01:51]} 23. Qxd7 {[%clk 0:09:50]}  Nxd7 {[%clk 0:01:53]} 24. Bf4 {[%clk 0:09:39]}  Nf6 {[%clk 0:01:39]} 25. Nxf6+ {[%clk 0:08:54]}  Bxf6 {[%clk 0:01:20]} 26. Bxc7 {[%clk 0:08:21]}  Bxd4 {[%clk 0:00:32]} 27. Bxb8 {[%clk 0:08:18]}  Rxb8 {[%clk 0:00:33]} 28. Rfd1 {[%clk 0:08:14]}  Bc5 {[%clk 0:00:36]} 29. Rd5 {[%clk 0:08:10]}  Rc8 {[%clk 0:00:13]} 30. Rbd1 {[%clk 0:08:08]}  Be7 {[%clk 0:00:07]} 31. Rd7 {[%clk 0:08:03]}  Bf6 {[%clk 0:00:06]} 32. R1d6 {[%clk 0:07:13]}  h6 {[%clk 0:00:05]} 33. Rxb6 {[%clk 0:07:14]}  Rxc4 {[%clk 0:00:07]} 34. Rb8+ {[%clk 0:07:13]}  Kh7 {[%clk 0:00:09]} 35. Rxf7 {[%clk 0:07:06]}  Rc1+ {[%clk 0:00:04]} 36. Kg2 {[%clk 0:07:08]}  Rc2 {[%clk 0:00:04]} 37. a4 {[%clk 0:06:43]}  Rc4 {[%clk 0:00:06]} 38. h4 {[%clk 0:06:38]}  Kg6 {[%clk 0:00:05]} 39. Ra7 {[%clk 0:06:33]}  Rxa4 {[%clk 0:00:07]} 40. Rb5 {[%clk 0:06:28]}  Bc3 {[%clk 0:00:05]} 41. h5+ {[%clk 0:06:25]}  Kf6 {[%clk 0:00:05]} 42. Ra6+ {[%clk 0:06:24]}  Kf7 {[%clk 0:00:06]} 43. Rb7+ {[%clk 0:06:22]} 1-0

[Event "Rapid"]
[Site "Estonia Resort Hotel & Spa conference center, Pärnu, EE"]
[Date "2025.08.17"]
[Round "5"]
[White "Nissinen, Niilo Man"]
[Black "Mayorau, Mikita"]
[Result "1/2-1/2"]
[Board "6"]
[WhiteFideId "30950767"]
[BlackFideId "13501720"]
[WhiteTitle "FM"]
[BlackTitle "GM"]
[WhiteElo "1941"]
[BlackElo "2433"]
[WhiteTeam "HKG"]
[BlackTeam "POL"]
[WhiteClock "0:03:19"]
[BlackClock "0:04:30"]
[Variant "Standard"]

1. e4 {[%clk 0:15:04]}  e6 {[%clk 0:15:03]} 2. d4 {[%clk 0:15:05]}  d5 {[%clk 0:15:04]} 3. e5 {[%clk 0:15:06]}  c5 {[%clk 0:15:05]} 4. c3 {[%clk 0:15:07]}  Nc6 {[%clk 0:15:06]} 5. Nf3 {[%clk 0:15:08]}  Qb6 {[%clk 0:14:52]} 6. Bd3 {[%clk 0:14:56]}  cxd4 {[%clk 0:14:52]} 7. O-O {[%clk 0:14:56]}  Bd7 {[%clk 0:14:53]} 8. Re1 {[%clk 0:14:58]}  Nge7 {[%clk 0:14:51]} 9. h4 {[%clk 0:14:58]}  h6 {[%clk 0:14:38]} 10. h5 {[%clk 0:14:41]}  a6 {[%clk 0:14:35]} 11. Nbd2 {[%clk 0:14:30]}  dxc3 {[%clk 0:14:30]} 12. bxc3 {[%clk 0:14:31]}  Na5 {[%clk 0:14:25]} 13. Ba3 {[%clk 0:13:31]}  Nec6 {[%clk 0:14:12]} 14. Bxf8 {[%clk 0:12:55]}  Rxf8 {[%clk 0:14:12]} 15. Rb1 {[%clk 0:12:08]}  Qc7 {[%clk 0:14:13]} 16. Nb3 {[%clk 0:11:44]}  Nxb3 {[%clk 0:13:03]} 17. axb3 {[%clk 0:11:32]}  O-O-O {[%clk 0:12:48]} 18. b4 {[%clk 0:10:04]}  Na7 {[%clk 0:12:39]} 19. Nd4 {[%clk 0:09:47]}  Bb5 {[%clk 0:12:29]} 20. Bxb5 {[%clk 0:06:43]}  Nxb5 {[%clk 0:12:28]} 21. Nxb5 {[%clk 0:06:39]}  axb5 {[%clk 0:12:30]} 22. Qg4 {[%clk 0:06:36]}  Rg8 {[%clk 0:12:16]} 23. Ra1 {[%clk 0:06:25]}  Kd7 {[%clk 0:11:48]} 24. Re3 {[%clk 0:06:04]}  Qc4 {[%clk 0:11:31]} 25. Qf3 {[%clk 0:06:02]}  Rgf8 {[%clk 0:11:17]} 26. Rd1 {[%clk 0:05:37]}  Kc7 {[%clk 0:10:32]} 27. Rd4 {[%clk 0:05:24]}  Qa2 {[%clk 0:10:31]} 28. Rg4 {[%clk 0:04:44]}  g6 {[%clk 0:10:01]} 29. hxg6 {[%clk 0:04:44]}  fxg6 {[%clk 0:10:02]} 30. Rf4 {[%clk 0:04:46]}  Rxf4 {[%clk 0:09:31]} 31. Qxf4 {[%clk 0:04:47]}  Qb1+ {[%clk 0:09:32]} 32. Kh2 {[%clk 0:04:49]}  Qf5 {[%clk 0:08:58]} 33. Qxh6 {[%clk 0:03:58]}  Qxf2 {[%clk 0:08:23]} 34. Rf3 {[%clk 0:03:59]}  Qe1 {[%clk 0:08:05]} 35. Qg7+ {[%clk 0:03:25]}  Rd7 {[%clk 0:05:04]} 36. Rf7 {[%clk 0:03:16]}  Qh4+ {[%clk 0:05:04]} 37. Kg1 {[%clk 0:03:18]}  Qe1+ {[%clk 0:04:29]} 38. Kh2 {[%clk 0:03:20]}  Qh4+ {[%clk 0:04:30]} 39. Kg1 {[%clk 0:03:19]} 1/2-1/2

[Event "Rapid"]
[Site "Estonia Resort Hotel & Spa conference center, Pärnu, EE"]
[Date "2025.08.17"]
[Round "5"]
[White "Olde, Grete"]
[Black "Lapshun, Yury"]
[Result "0-1"]
[Board "7"]
[WhiteFideId "4503104"]
[BlackFideId "2006960"]
[WhiteTitle "WCM"]
[BlackTitle "IM"]
[WhiteElo "2073"]
[BlackElo "2416"]
[WhiteTeam "EST"]
[BlackTeam "USA"]
[WhiteClock "0:00:34"]
[BlackClock "0:00:35"]
[Variant "Standard"]

1. e4 {[%clk 0:15:04]}  c5 {[%clk 0:15:05]} 2. c3 {[%clk 0:15:05]}  d5 {[%clk 0:15:06]} 3. exd5 {[%clk 0:15:06]}  Qxd5 {[%clk 0:15:07]} 4. d4 {[%clk 0:15:07]}  Nf6 {[%clk 0:15:08]} 5. Nf3 {[%clk 0:15:05]}  e6 {[%clk 0:15:11]} 6. Na3 {[%clk 0:14:52]}  cxd4 {[%clk 0:15:12]} 7. Nxd4 {[%clk 0:14:19]}  Bxa3 {[%clk 0:12:54]} 8. Qa4+ {[%clk 0:13:36]}  Bd7 {[%clk 0:11:51]} 9. Qxa3 {[%clk 0:13:24]}  e5 {[%clk 0:11:52]} 10. Nf3 {[%clk 0:12:10]}  Nc6 {[%clk 0:11:17]} 11. Be3 {[%clk 0:11:32]}  Ng4 {[%clk 0:10:38]} 12. Bc5 {[%clk 0:08:35]}  e4 {[%clk 0:10:37]} 13. Nd2 {[%clk 0:07:51]}  O-O-O {[%clk 0:09:45]} 14. Bc4 {[%clk 0:06:54]}  Qf5 {[%clk 0:09:44]} 15. O-O-O {[%clk 0:06:17]}  b6 {[%clk 0:07:32]} 16. Bd6 {[%clk 0:05:37]}  Kb7 {[%clk 0:06:56]} 17. Qa6+ {[%clk 0:04:54]}  Ka8 {[%clk 0:06:55]} 18. Bc7 {[%clk 0:04:50]}  e3 {[%clk 0:06:16]} 19. fxe3 {[%clk 0:04:35]}  Nxe3 {[%clk 0:06:15]} 20. Bd3 {[%clk 0:04:37]}  Bc8 {[%clk 0:03:07]} 21. Bxf5 {[%clk 0:04:02]}  Bxa6 {[%clk 0:03:07]} 22. Bxd8 {[%clk 0:02:45]}  Nxd1 {[%clk 0:03:01]} 23. Bxb6 {[%clk 0:02:36]}  Nxc3 {[%clk 0:02:50]} 24. bxc3 {[%clk 0:02:29]}  axb6 {[%clk 0:02:52]} 25. Be4 {[%clk 0:02:28]}  Bb7 {[%clk 0:02:36]} 26. Nc4 {[%clk 0:02:20]}  Re8 {[%clk 0:02:02]} 27. Nd6 {[%clk 0:01:55]}  Re7 {[%clk 0:01:04]} 28. Rd1 {[%clk 0:01:49]}  Na5 {[%clk 0:00:54]} 29. Bxb7+ {[%clk 0:01:40]}  Nxb7 {[%clk 0:00:55]} 30. Nf5 {[%clk 0:01:41]}  Re2 {[%clk 0:00:53]} 31. Rd2 {[%clk 0:01:13]}  Re1+ {[%clk 0:00:54]} 32. Kc2 {[%clk 0:01:07]}  g6 {[%clk 0:00:55]} 33. Nd4 {[%clk 0:01:06]}  Nc5 {[%clk 0:00:50]} 34. Nb5 {[%clk 0:01:05]}  Re7 {[%clk 0:00:43]} 35. c4 {[%clk 0:00:35]}  f5 {[%clk 0:00:41]} 36. Nc3 {[%clk 0:00:26]}  Kb7 {[%clk 0:00:38]} 37. Nd5 {[%clk 0:00:27]}  Re1 {[%clk 0:00:32]} 38. Nf6 {[%clk 0:00:19]}  h5 {[%clk 0:00:31]} 39. h3 {[%clk 0:00:10]}  h4 {[%clk 0:00:31]} 40. Nh7 {[%clk 0:00:08]}  Ne4 {[%clk 0:00:30]} 41. Rd7+ {[%clk 0:00:08]}  Kc6 {[%clk 0:00:32]} 42. Rg7 {[%clk 0:00:08]}  Re2+ {[%clk 0:00:34]} 43. Kb3 {[%clk 0:00:09]}  Rxg2 {[%clk 0:00:34]} 44. Nf8 {[%clk 0:00:09]}  g5 {[%clk 0:00:34]} 45. Rg6+ {[%clk 0:00:09]}  Kb7 {[%clk 0:00:29]} 46. Rg7+ {[%clk 0:00:11]}  Ka6 {[%clk 0:00:28]} 47. Nd7 {[%clk 0:00:13]}  Nc5+ {[%clk 0:00:26]} 48. Kc3 {[%clk 0:00:14]}  Rg3+ {[%clk 0:00:26]} 49. Kb4 {[%clk 0:00:13]}  Nxd7 {[%clk 0:00:24]} 50. Rxd7 {[%clk 0:00:16]}  Rxh3 {[%clk 0:00:23]} 51. Rd5 {[%clk 0:00:16]}  Rf3 {[%clk 0:00:23]} 52. Rd6 {[%clk 0:00:18]}  Kb7 {[%clk 0:00:25]} 53. a4 {[%clk 0:00:17]}  h3 {[%clk 0:00:25]} 54. Rh6 {[%clk 0:00:17]}  g4 {[%clk 0:00:27]} 55. Rh7+ {[%clk 0:00:19]}  Kc6 {[%clk 0:00:28]} 56. Rh6+ {[%clk 0:00:21]}  Kc7 {[%clk 0:00:30]} 57. Rh7+ {[%clk 0:00:23]}  Kd6 {[%clk 0:00:31]} 58. Rh6+ {[%clk 0:00:25]}  Ke5 {[%clk 0:00:32]} 59. Kb5 {[%clk 0:00:28]}  Rb3+ {[%clk 0:00:34]} 60. Kc6 {[%clk 0:00:30]}  f4 {[%clk 0:00:34]} 61. c5 {[%clk 0:00:30]}  bxc5 {[%clk 0:00:36]} 62. Kxc5 {[%clk 0:00:32]}  f3 {[%clk 0:00:35]} 63. a5 {[%clk 0:00:34]}  f2 {[%clk 0:00:35]} 0-1

[Event "Rapid"]
[Site "Estonia Resort Hotel & Spa conference center, Pärnu, EE"]
[Date "2025.08.17"]
[Round "5"]
[White "Kopylov, Daniel"]
[Black "Sharan, Rao"]
[Result "0-1"]
[Board "8"]
[WhiteFideId "12921971"]
[BlackFideId "5073464"]
[WhiteTitle "IM"]
[BlackTitle "IM"]
[WhiteElo "2347"]
[BlackElo "2250"]
[WhiteTeam "GER"]
[BlackTeam "IND"]
[WhiteClock "0:00:00"]
[BlackClock "0:00:18"]
[Variant "Standard"]

1. e4 {[%clk 0:14:31]}  e6 {[%clk 0:15:05]} 2. d4 {[%clk 0:14:29]}  d5 {[%clk 0:15:07]} 3. Nd2 {[%clk 0:14:31]}  Nf6 {[%clk 0:15:08]} 4. e5 {[%clk 0:14:33]}  Nfd7 {[%clk 0:15:10]} 5. Bd3 {[%clk 0:14:34]}  c5 {[%clk 0:15:12]} 6. c3 {[%clk 0:14:36]}  Nc6 {[%clk 0:15:14]} 7. Ne2 {[%clk 0:14:37]}  cxd4 {[%clk 0:15:15]} 8. cxd4 {[%clk 0:14:39]}  f6 {[%clk 0:15:17]} 9. exf6 {[%clk 0:14:40]}  Nxf6 {[%clk 0:15:18]} 10. O-O {[%clk 0:14:34]}  Bd6 {[%clk 0:15:20]} 11. Nf3 {[%clk 0:14:35]}  Qc7 {[%clk 0:15:22]} 12. Nc3 {[%clk 0:14:27]}  a6 {[%clk 0:15:23]} 13. h3 {[%clk 0:14:27]}  O-O {[%clk 0:15:24]} 14. Be3 {[%clk 0:14:18]}  Bd7 {[%clk 0:15:25]} 15. a3 {[%clk 0:14:19]}  Be8 {[%clk 0:15:18]} 16. Qc2 {[%clk 0:13:20]}  h6 {[%clk 0:15:12]} 17. Rae1 {[%clk 0:11:08]}  Bh5 {[%clk 0:15:08]} 18. Nh4 {[%clk 0:11:09]}  g5 {[%clk 0:14:28]} 19. Ng6 {[%clk 0:10:58]}  Bxg6 {[%clk 0:14:29]} 20. Bxg6 {[%clk 0:11:00]}  Qg7 {[%clk 0:14:31]} 21. f4 {[%clk 0:09:48]}  g4 {[%clk 0:12:16]} 22. Kh1 {[%clk 0:08:08]}  Ne7 {[%clk 0:12:12]} 23. Bd3 {[%clk 0:05:48]}  Nh5 {[%clk 0:12:11]} 24. Ne2 {[%clk 0:05:42]}  Kh8 {[%clk 0:11:30]} 25. h4 {[%clk 0:03:19]}  g3 {[%clk 0:09:29]} 26. Ng1 {[%clk 0:03:15]}  Qg4 {[%clk 0:09:25]} 27. Nh3 {[%clk 0:02:39]}  Qxh4 {[%clk 0:09:07]} 28. Bd2 {[%clk 0:02:03]}  Rf6 {[%clk 0:08:16]} 29. f5 {[%clk 0:01:53]}  Raf8 {[%clk 0:07:38]} 30. Rxe6 {[%clk 0:01:29]}  Rxe6 {[%clk 0:06:52]} 31. fxe6 {[%clk 0:01:31]}  Rf2 {[%clk 0:06:53]} 32. Qd1 {[%clk 0:00:33]}  Bf4 {[%clk 0:04:11]} 33. Be1 {[%clk 0:00:12]}  Rxb2 {[%clk 0:00:45]} 34. Qa4 {[%clk 0:00:10]}  b5 {[%clk 0:00:18]} 35. Qxa6 {[%clk 0:00:11]}  Be3 {[%clk 0:00:20]} 36. Rf8+ {[%clk 0:00:11]}  Ng8 {[%clk 0:00:19]} 37. Rxg8+ {[%clk 0:00:00]}  Kxg8 {[%clk 0:00:18]} 0-1